000 00815nam a22002177a 4500
999 _c11599
_d11599
003 AR-CdUCM
008 190404b ||||| |||| 00| 0 spa d
040 _aMUNICIPALIDAD PROVINCIAL DEL CUSCO
_cBIBLIOTECA MUNICIPAL DEL CUSCO
082 _a869.53 /
_bV63P / 1947
100 _aVidal Martínez, Leopoldo
_929041
245 _aPoesía de los incas /
260 _aLima :
_bAmauta,
_c1947.
300 _a208 páginas ;
_c19 cm.
505 _aContenido: Las fuentes -- Problema de la traducción -- Lírica, danza y circunstancias -- Lírica dialogada -- Formas particulares de la lírica Incaica -- El Haylle ...
650 _aPoesía Indígena
_929042
650 _aSiglo XX
_98
650 _aLiteratura Peruana
_9132
650 _aHistoria y crítica
_95993
942 _2ddc
_cLIBROS
945 _aachl
_d2019-04-04